| 000 | 00803nam a2200205Ia 4500 | ||
|---|---|---|---|
| 001 | 17581 | ||
| 003 | GE_BSU | ||
| 008 | 181216s||||||||xx |||||||||||||| ||und|| | ||
| 040 | _cGE_BSU | ||
| 080 | _a821(47+57)-1 | ||
| 245 | _aპოეზიის მერიდიანები | ||
| 245 | _bსაბჭოთა პოეტების ლექსები | ||
| 245 | _cკრებული შეადგინა და თარგმნა შ. ნიშნიანიძემ;რედ.: გ.ბეწუკელი;მხატვ.:ნ. სულიმანაშვილი | ||
| 260 | _aთბილისი | ||
| 260 | _bსაბჭ.საქართველო | ||
| 260 | _c1981 | ||
| 300 | _a322გვ. ; 16სმ. | ||
| 653 | _aლექსები | ||
| 942 | _cBK | ||
| 999 |
_c50631 _d50631 |
||